European Geography By Letter N - Picture Quiz - Statistics

General Stats
  • This quiz has been taken 698 times
  • The average score is 12 of 18
Answer Stats
Picture Hint Answer % Correct
(country) Netherlands
97%
(military alliance) NATO
92%
(country) North Macedonia
91%
(body of water) North Sea
90%
(cathedral) Notre-Dame
88%
(region) Normandy
84%
(city) Nuremberg
83%
(city) Naples
80%
(flag symbol) {Nordic} Cross
76%
(city) Nice
69%
(city) Nottingham
67%
(body of water) Norwegian Sea
51%
(region) Northern Ireland
50%
(castle) Neuschwanstein
47%
(river) Neva
32%
(region) Navarre
31%
(oblast) Novgorod
24%
(city) Novi Sad
11%
No matching quizzes found
Score Distribution
Percent of People with Each Score
Percentile by Number Answered
Your Score History
You have not taken this quiz